Zur kenntnis des iranischen Wüstenwarans, Varanus griseus (Registro nro. 9306)

Detalles MARC
000 -CABECERA
Campo de control 004400000a22001570004500
090 ## - CLASIFICACIÓN LOCAL
Colección AR
Consecutivo 00207
041 0# - IDIOMA
Código de idioma para texto/pista de sonido o título separado
100 1# - ASIENTO PRINCIPAL--NOMBRE PERSONAL
Nombre personal Mertens, Robert
245 10 - MENCION DE TITULO
Título Zur kenntnis des iranischen Wüstenwarans, Varanus griseus
650 14 - ASIENTO SECUNDARIO DE MATERIA - TERMINO TEMATICO
Término temático o nombre geográfico como elemento de entrada Reptiles
650 14 - ASIENTO SECUNDARIO DE MATERIA - TERMINO TEMATICO
Término temático o nombre geográfico como elemento de entrada Fauna
650 14 - ASIENTO SECUNDARIO DE MATERIA - TERMINO TEMATICO
Término temático o nombre geográfico como elemento de entrada Herpetología
653 ## - TERMINO DE INDIZACION - NO CONTROLADO
-- Varanus
-- Varanus griseus
773 1# - Item fuente:
Título Bonn. Zool. Beitr.
Especificación de materiales 1116
Descripción física 24
Paginas del Articulo 233-236
Lugar, editorial y fecha de publicación 1973
942 ## - ELEMENTOS ADICIONALES (KOHA)
Tipo de ítem Artículo
Existencias
Withdrawn status Lost status Damaged status No para préstamo Colección Ubicación Permanente Ubicación actual Fecha de adquisición Fuente de Valor Datos de publicación Seriada Total Checkouts Número topográfico Inventario / Código de Barras Date last seen Ejemplar Price effective from Forma de adquisición Tipo de material
      No para Préstamo Hemeroteca Bogotá Bogotá 27/02/2015 Instituto de Ciencias Naturales Fuera de circulación   AR 00207 010446 25/03/2015 1 25/03/2015   Artículo